000
00310nam a22001337a 4500
008
170724b xxu||||| |||| 00| 0 eng d
020
_a
3540553541
041
_a
eng
080
_a
004
100
_a
29
101
_a
SHKI
245
_a
COMPUTER AIDED SYSTEMS THEORY- EUROCAST 91
_c
PICHLER, F
942
_2
udc
_c
BK
999
_c
21792
_d
21792